Introduccin̤ to numerical methods
El siguiente video se enseąn los diferentes procedimientos matemt̀icos para los cuales se usan mťodos numřicos. Un ejemplo se da para cada categora̕.
שמור ב:
| מחברים אחרים: | |
|---|---|
| פורמט: | ספר |
| שפה: | אנגלית |
| נושאים: | |
| גישה מקוונת: | Introduccin̤ to numerical methods |
| תגים: |
הוספת תג
אין תגיות, היה/י הראשונ/ה לתייג את הרשומה!
|
MARC
| LEADER | 00000nam a22000004a 4500 | ||
|---|---|---|---|
| 001 | vpro6196 | ||
| 005 | 20201223000000.0 | ||
| 008 | 130731s2013 ck # g## #001 0#eng#d | ||
| 020 | |||
| 022 | |||
| 040 | |a CO-BoINGC | ||
| 041 | 0 | |a eng | |
| 245 | 1 | 0 | |a Introduccin̤ to numerical methods |
| 246 | |a Introduccin̤ a los mťodos numřicos | ||
| 264 | |a Bogot ̀(Colombia) : |b Revista VirtualPRO, |c 2013 | ||
| 520 | 3 | |a El siguiente video se enseąn los diferentes procedimientos matemt̀icos para los cuales se usan mťodos numřicos. Un ejemplo se da para cada categora̕. | |
| 650 | \ | \ | |a Modelos matemt̀icos |
| 650 | \ | \ | |a Aplicaciones (Matemt̀icas) |
| 650 | \ | \ | |a Mathematical models |
| 650 | \ | \ | |a Mappings (Mathematics) |
| 650 | \ | \ | |a mťodos matemt̀icos |
| 650 | \ | \ | |a mathematical methods |
| 700 | \ | \ | |a Canal numericalmethodsguy / Youtube. |
| 856 | |z Introduccin̤ to numerical methods |u https://virtualpro.unach.elogim.com/biblioteca/introduccion-a-los-metodos-numericos | ||